000
00297 a2200133 4500
001
153678
040
_c
Escola São Tomás de Aquino
100
_a
MACHADO, Ana Maria
240
1
0
_a
Mico Maneco
_l
por
245
1
0
_a
Mico Maneco
440
1
_a
Moderna
697
_a
*LITERATURA INFANTIL
942
_c
BK
999
_c
153678
_d
153678